[Event "Prague zt"]
[Site "Prague"]
[Date "1985.??.??"]
[Round "4"]
[White "Ftacnik, Lubomir"]
[Black "Pinter, Jozsef"]
[Result "1/2-1/2"]
[WhiteElo "2545"]
[BlackElo "2540"]

1.c4 Nf6 2.Nf3 c5 3.Nc3 d5 4.cxd5 Nxd5 5.e4 Nb4 6.Bc4 Nd3+ 7.Ke2 Nf4+ 8.Kf1 Ne6
9.b4 g6 10.bxc5 Bg7 11.Bxe6 Bxe6 12.d4 Nc6 13.Be3 Qa5 14.Qd2 O-O-O 15.Rc1 f5
16.exf5 gxf5 17.Qe2 Qb4 18.Kg1 Qc4 19.Qe1 Rhg8 20.h4 Bd5 21.Nd2 Qa6 22.Nxd5 Rxd5
23.Nf3 Qxa2 24.Rh3 Rdd8 25.Rb1 Bf6 26.Bg5 Qd5 27.Qf1 Rd7 28.Bxf6 exf6 29.Rg3 Re8
30.Qc1 Qe4 31.h5 Red8 32.h6 Nxd4 33.Nxd4 Rxd4 34.Rg7 R4d7 35.Rxd7 Rxd7 36.Qb2 Rd2
37.Qb5 Rd7 38.Qb3 f4 39.Ra1 a6 40.Rc1 Qd5 41.Qc3 Qc6 42.Qc4 b5 43.Qxf4 Rd5
44.Qg4+ Kc7 45.Qg3+ Kb7 46.Re1 Rd7 47.Qf4 a5 48.Qf5 Rc7 49.Re6 Qxc5 50.Qe4+ Ka7
51.Rxf6 Re7 52.Qf3 a4 53.g3 Rc7 54.Rf5 Qb6 55.Rf6 Qd4 56.Qf5 Qd7 57.Qe4 Qe7
58.Re6 Qc5 59.Re5 Qb6 60.Qe1 Ka6 61.Qe4 Rc6 62.Re7 a3 63.Re8 Rc1+ 64.Kg2 Qb7
65.Re6+ Ka7 66.Re7 Rc7 67.Rxc7 Qxc7 68.Qe3+ Kb7 69.Qxa3 Qc6+ 70.Kg1 Qxh6
71.Qc5 Qb6 72.Qxb6+ Kxb6 73.Kf1 Ka5 74.Ke2 Ka4 75.f4  1/2-1/2

[Event "Rome-B"]
[Site "Rome"]
[Date "1985.??.??"]
[Round "7"]
[White "Ghitescu, Theodor"]
[Black "Tassi, Oliviero"]
[Result "1-0"]
[WhiteElo "2455"]
[BlackElo "2330"]

1.c4 Nf6 2.Nf3 c5 3.Nc3 e6 4.d4 cxd4 5.Nxd4 Bb4 6.g3 O-O 7.Bg2 d5 8.Qb3 Bc5
9.Be3 Na6 10.cxd5 Ng4 11.O-O e5 12.Nc2 Nxe3 13.Nxe3 f5 14.Nc4 Qe8 15.Na4 Rf6
16.Nxc5 Nxc5 17.Qe3 Nd7 18.Rac1 Rh6 19.Rfd1 Qh5 20.h3 Rg6 21.Qf3 Qg5 22.d6 f4
23.Qd5+ Kf8 24.Rc3 Rf6 25.Nd2 Qh6 26.Ne4 Re6 27.Rdc1 Nb6 28.Rxc8+ Nxc8 29.d7 Nd6
30.Nxd6 fxg3 31.Rc8+  1-0

[Event "Sarajevo"]
[Site "Sarajevo"]
[Date "1985.??.??"]
[Round "3"]
[White "Drasko, Milan"]
[Black "Sax, Gyula"]
[Result "1/2-1/2"]
[WhiteElo "2460"]
[BlackElo "2565"]

1.Nf3 Nf6 2.c4 c5 3.Nc3 d5 4.cxd5 Nxd5 5.d4 Nxc3 6.bxc3 g6 7.e3 Bg7 8.Bb5+ Nd7
9.O-O O-O 10.a4 Qc7 11.Ba3 b6 12.a5 Bb7 13.Qb3 Nf6 14.Bc4 Rab8 15.axb6 axb6
16.Rab1 b5 17.Bxb5 Be4 18.Bxc5 Bxb1 19.Qxb1 Nd5 20.c4 Nc3 21.Qb4 Rb7 22.Qxc3 Qxc5
23.dxc5 Bxc3 24.Rd1 Rc7 25.c6 Ra8 26.Ng5 Rca7  1/2-1/2

[Event "Sarajevo"]
[Site "Sarajevo"]
[Date "1985.??.??"]
[Round "12"]
[White "Drasko, Milan"]
[Black "Dizdarevic, Emir"]
[Result "1-0"]
[WhiteElo "2460"]
[BlackElo "2425"]

1.Nf3 Nf6 2.c4 e6 3.Nc3 c5 4.g3 Be7 5.Bg2 O-O 6.O-O Nc6 7.b3 a6 8.Bb2 d6
9.e3 Rb8 10.d4 cxd4 11.exd4 Na5 12.d5 b5 13.cxb5 axb5 14.dxe6 fxe6 15.Nd4 b4
16.Ne4 Nxe4 17.Bxe4 d5 18.Bg2 Kh8 19.Re1 Bf6 20.Rxe6 Bxe6 21.Nxe6 Qd6 22.Nxf8 Bxb2
23.Qc2 Rxf8 24.Qxb2 Nc6 25.Rd1 Ne7 26.Qd4 Rc8 27.h4 h6 28.Re1 Rd8 29.Qe5 Qxe5
30.Rxe5 Rd7 31.Kf1 g6 32.Ke2 Kg7 33.Kd3 Kf6 34.f4 h5 35.Bh3 Rd6 36.Kd4 Rc6
37.Re2 Kf7 38.Re3 Rc2 39.Be6+ Kf6 40.Bd7 Rxa2 41.Kc5 Ra7 42.Re6+ Kf7 43.Rd6 Ra1
44.Kxb4 Rg1 45.Ka5 Rxg3 46.b4 Ng8 47.Rxd5 Nf6 48.Rd4 Nxd7 49.Rxd7+ Ke6 50.Rd4 Ra3+
51.Kb6 Kf5 52.b5 Kg4 53.f5+ Kxf5 54.Kc5 g5 55.Rd5+ Kg4 56.hxg5 h4 57.g6 Ra7
58.b6 Rg7 59.Rd8 Kg3 60.Rh8 Kh3 61.Rc8 Rxg6 62.b7 Rg5+ 63.Kc4 Rg4+ 64.Kd3 Rb4
65.b8=Q Rxb8 66.Rxb8 Kg2 67.Ke2 h3 68.Rg8+ Kh1 69.Kf3 Kh2 70.Ra8  1-0

[Event "BUL-ch"]
[Site "Sofia"]
[Date "1985.??.??"]
[Round "5"]
[White "Inkiov, Ventzislav"]
[Black "Danailov, Silvio"]
[Result "1/2-1/2"]
[WhiteElo "2490"]
[BlackElo "2445"]

1.Nf3 Nf6 2.c4 c5 3.Nc3 e6 4.e3 d5 5.d4 a6 6.a3 dxc4 7.Bxc4 b5 8.Ba2 Bb7
9.O-O Nbd7 10.Qe2 Bd6 11.dxc5 Bxc5 12.b4 Bd6 13.Bb2 O-O 14.Rfd1 Qe7 15.h3 Rac8
16.Rac1 Rfd8 17.Nb1 Bd5 18.Bxd5 Nxd5 19.Nbd2 N5b6 20.Rxc8  1/2-1/2

[Event "BUL-ch"]
[Site "Sofia"]
[Date "1985.??.??"]
[Round "8"]
[White "Andonov, Bogomil"]
[Black "Danailov, Silvio"]
[Result "1/2-1/2"]
[WhiteElo "2300"]
[BlackElo "2445"]

1.Nf3 Nf6 2.c4 c5 3.Nc3 b6 4.e4 d6 5.d4 cxd4 6.Nxd4 Bb7 7.Bd3 e6 8.O-O Be7
9.b3 Nbd7 10.Qe2 O-O 11.Bb2 Re8 12.Rad1 a6 13.Bc2 Qc7 14.f4 Rac8 15.Kh1 Nf8
16.f5 N6d7 17.fxe6 fxe6 18.Qg4 Bf6 19.Nce2 Ne5 20.Qh3 Qe7 21.Ba3 Nfg6 22.Bb1 Rcd8
23.Nf4 Nxf4 24.Rxf4 Bc8 25.Rff1 Bb7 26.Nf3 Rf8  1/2-1/2

[Event "Szirak"]
[Site "Szirak"]
[Date "1985.??.??"]
[Round "9"]
[White "Uhlmann, Wolfgang"]
[Black "Petran, Pal"]
[Result "1/2-1/2"]
[WhiteElo "2515"]
[BlackElo "2440"]

1.c4 Nf6 2.Nc3 e6 3.Nf3 c5 4.g3 b6 5.Bg2 Bb7 6.d4 cxd4 7.Qxd4 d6 8.O-O a6
9.e4 Nbd7 10.Qe3 Qc7 11.b3 Be7 12.Bb2 O-O 13.Nd4 Rfe8 14.Rfe1 Bf8 15.Re2 Rad8
16.Qd2 Qb8 17.Rd1 Qa8 18.Qe1 Nc5 19.f3 Qa7 20.Kh1 Qb8 21.Ba1 Ncd7 22.Qf2 g6
23.Qe1 Rc8 24.Qd2 Red8 25.Qe3 Re8 26.Bb2 Rcd8 27.Qc1 Rc8 28.Qe3 Rcd8 29.Ree1 Rc8
30.Qe2 Bg7 31.Nc2 b5 32.cxb5 Nxe4 33.Nxe4 Bxe4 34.Nd4 Bd5 35.bxa6 Qb6 36.Rd2 Nc5
37.Qb5 Qxb5 38.Nxb5 Bxb2 39.Rxb2 Nd3 40.Rbb1 Nxe1 41.Rxe1 Rc6 42.Bf1 Ra8
43.Nd4 Rb6 44.Kg2 e5 45.Nc2 Be6 46.b4 Bf5 47.Ne3 Rxb4 48.Rd1 Rb6 49.Nd5 Rbxa6
50.Bxa6 Rxa6 51.Rd2 Be6 52.Nf6+ Kf8 53.Nxh7+ Ke7 54.Ng5 Bxa2 55.g4 Ra5 56.h4 f6
57.Ne4 Bd5 58.Ng3 Ke6 59.h5 Ra3 60.hxg6 Bxf3+ 61.Kf2 Bxg4 62.Ne4  1/2-1/2

[Event "Tallinn"]
[Site "Tallinn"]
[Date "1985.??.??"]
[Round "?"]
[White "Tal, Mihail"]
[Black "Ehlvest, Jaan"]
[Result "1/2-1/2"]
[WhiteElo "2565"]
[BlackElo "2505"]

1.Nf3 Nf6 2.c4 c5 3.Nc3 e6 4.g3 Nc6 5.Bg2 d5 6.cxd5 Nxd5 7.O-O Be7 8.b3 O-O
9.Bb2 Nxc3 10.Bxc3 Qd6 11.d4 Rd8 12.e3 Bd7 13.dxc5 Qxc5 14.Rc1 Qb6 15.Ne5 Nxe5
16.Bxe5 Rac8 17.Rxc8 Bxc8 18.Qc2 Qc5 19.Qb2 f6  1/2-1/2

[Event "Tallinn"]
[Site "Tallinn"]
[Date "1985.??.??"]
[Round "?"]
[White "Tal, Mihail"]
[Black "Gavrikov, Viktor"]
[Result "1/2-1/2"]
[WhiteElo "2565"]
[BlackElo "2550"]

1.Nf3 Nf6 2.c4 c5 3.Nc3 e6 4.g3 b6 5.Bg2 Bb7 6.O-O Be7 7.d4 cxd4 8.Qxd4 d6
9.Bg5 a6 10.Bxf6 Bxf6 11.Qd3 Ra7 12.Rad1 Be7 13.Nd4 Bxg2 14.Kxg2 Qc8 15.f4 g6
16.f5 gxf5 17.e4 fxe4 18.Nxe4 f5 19.Nc3 Nc6 20.Qe2 Nxd4 21.Qh5+ Kd7 22.Rxd4 Qc5
23.Rfd1 Rc7  1/2-1/2

[Event "Trencianske Teplice"]
[Site "Trencianske Teplice"]
[Date "1985.??.??"]
[Round "9"]
[White "Lechtynsky, Jiri"]
[Black "Mokry, Karel"]
[Result "1-0"]
[WhiteElo "2450"]
[BlackElo "2455"]

1.Nf3 c5 2.c4 Nf6 3.Nc3 b6 4.e3 d6 5.d4 cxd4 6.exd4 e6 7.Bd3 Be7 8.O-O O-O
9.Re1 Bb7 10.Bg5 Nbd7 11.Qe2 Re8 12.Rad1 Rc8 13.h3 Qc7 14.Qe3 Qb8 15.d5 e5
16.Nd2 Nh5 17.Bxe7 Rxe7 18.Qg5 Ndf6 19.Nde4 h6 20.Qh4 Rce8 21.Re3 Qd8 22.Rf3 Rd7
23.Rf5 Nxe4 24.Qxe4 Nf6 25.Rxf6 Qxf6 26.Qh7+ Kf8 27.Bf5 Ke7 28.Ne4 Rh8 29.Nxf6 Rxh7
30.Ng8+ Kf8 31.Bxh7 Rc7 32.b3 Bc8 33.g4 f6 34.Kg2 Kf7 35.Rd3 b5 36.cxb5 Bb7
37.Nxh6+ gxh6 38.a4 Rc1 39.Bf5 Ke7 40.Kg3 Rc5  1-0

[Event "Trencianske Teplice"]
[Site "Trencianske Teplice"]
[Date "1985.??.??"]
[Round "11"]
[White "Smejkal, Jan"]
[Black "Mokry, Karel"]
[Result "1/2-1/2"]
[WhiteElo "2565"]
[BlackElo "2455"]

1.c4 c5 2.Nf3 Nf6 3.Nc3 b6 4.e4 Bb7 5.e5 Ng8 6.d4 cxd4 7.Nxd4 g6 8.Bf4 Bg7
9.Qd2 Nc6 10.Nf3 f6 11.exf6 Nxf6 12.Be2 O-O 13.O-O d6 14.Rad1 Qd7 15.Bh6 Rad8
16.Bxg7 Kxg7 17.Rfe1 e5 18.Bf1 Ne7 19.Qe2 Bxf3 20.Qxf3 Ng4 21.Qg3 Nxf2 22.Rd2 Ng4
23.Ne4 Nc8 24.c5 bxc5 25.Nxc5 Qe7 26.Qxg4 dxc5 27.Rde2 Rd4 28.Qg3 e4 29.Qc3 Rf6
30.Rc2 Nb6 31.g3 Na4 32.Qa5 Rf5 33.b3 Nb6 34.Bg2 Re5 35.Qc3 e3 36.Rce2 Nd5
37.Bxd5 Rexd5 38.Rxe3 Qf6 39.Re7+ Kh6 40.Qe3+ Qg5 41.Qxg5+ Kxg5 42.Rxh7 Rd2  1/2-1/2

[Event "RLPF-ch"]
[Site "Wittlich"]
[Date "1985.??.??"]
[Round "11"]
[White "Osieka, Udo"]
[Black "Seul, Georg"]
[Result "1/2-1/2"]
[WhiteElo "2200"]
[BlackElo "2255"]

1.c4 c5 2.Nf3 Nf6 3.Nc3 g6 4.d4 Bg7 5.e4 cxd4 6.Nxd4 O-O 7.Be2 Nc6 8.Be3 b6
9.O-O Bb7 10.f3 Qb8 11.Ndb5 Rc8 12.Rc1 Ba6 13.Qd2 Bxb5 14.cxb5 Ne5 15.f4 Nc4
16.Bxc4 Rxc4 17.Qe2 Rc8 18.e5 Ne8 19.Qf3 e6 20.Ne4 d5 21.exd6 Nxd6 22.Rxc8+ Nxc8
23.Rd1 Ne7 24.Bd4 Bxd4+ 25.Rxd4 Nd5 26.Nc3  1/2-1/2

[Event "Albena"]
[Site "Albena"]
[Date "1986.??.??"]
[Round "?"]
[White "Azmaiparashvili, Zurab"]
[Black "Spassov, Liuben"]
[Result "1/2-1/2"]
[WhiteElo "2470"]
[BlackElo "2375"]

1.Nf3 Nf6 2.c4 c5 3.Nc3 e6 4.d4 cxd4 5.Nxd4 d5 6.e3 Be7 7.cxd5 Nxd5 8.Bb5+ Bd7
9.Nxd5 exd5 10.Qb3 Bxb5 11.Qxb5+ Qd7 12.Qxd7+ Kxd7 13.Bd2 Nc6 14.Bc3 Nxd4
15.Bxd4 f6 16.O-O-O Ke6 17.Kb1 b6 18.Rhe1 Rhd8 19.g4 g6 20.Bc3 Rac8 21.e4 dxe4
22.Rxe4+ Kf7 23.Rxd8 Rxd8 24.Kc2 Rd5 25.Rc4 Ke6 26.Rc7 h5 27.f3 hxg4 28.fxg4 Bd6
29.Rh7 g5 30.h3 Be7 31.Rh8 f5 32.Rh6+ Kd7 33.gxf5 Rxf5 34.Kd3 Rf4 35.Be5 Ra4
36.a3 b5 37.Bd4 a6 38.Rh7 Kd6 39.Rxe7 Kxe7 40.b3 Rxd4+ 41.Kxd4 Ke6 42.Ke4 a5
43.b4 a4  1/2-1/2

[Event "Berlin op"]
[Site "Berlin-West"]
[Date "1986.??.??"]
[Round "?"]
[White "Tal, Mihail"]
[Black "Shvidler, Eliahu"]
[Result "1-0"]
[WhiteElo "2600"]
[BlackElo "2425"]

1.c4 c5 2.Nf3 Nf6 3.Nc3 b6 4.e4 d6 5.d4 cxd4 6.Nxd4 Bb7 7.Bd3 g6 8.O-O Bg7
9.Bg5 Nbd7 10.Qe2 O-O 11.Rad1 a6 12.Bb1 Qb8 13.Rd2 Ra7 14.Nd5 Re8 15.Bc2 e6
16.Nxf6+ Nxf6 17.Rfd1 d5 18.e5 Ne4 19.Bxe4 Qxe5 20.cxd5 Qxg5 21.dxe6 Bxe4
22.Qxe4 Rae7 23.exf7+ Kxf7 24.Nf3 Qb5 25.Qh4 Kg8 26.Rd8 Rxd8 27.Rxd8+ Re8
28.a4 Qc6 29.Rxe8+ Qxe8 30.Qc4+ Kh8 31.Qxa6 Qc6 32.a5 Qc1+ 33.Qf1 Qxb2 34.a6 Bf8
35.h4 Bc5 36.Qe1 Qa2 37.Ng5 Kg7 38.Qe5+ Kh6 39.Qf4 Kg7 40.Qc7+ Kf6 41.Ne4+  1-0

[Event "Biel-JMT"]
[Site "Biel"]
[Date "1986.??.??"]
[Round "?"]
[White "Cramling, Dan"]
[Black "Gruenfeld, Yehuda"]
[Result "1-0"]
[WhiteElo "2415"]
[BlackElo "2550"]

1.c4 Nf6 2.Nc3 c5 3.Nf3 e6 4.e3 d5 5.d4 Nc6 6.a3 a6 7.dxc5 Bxc5 8.b4 Ba7
9.Bb2 O-O 10.Qc2 Qe7 11.Rd1 Rd8 12.Be2 d4 13.exd4 Nxd4 14.Nxd4 Bxd4 15.O-O e5
16.Na4 Bg4 17.Bxd4 Rxd4 18.Bxg4 Rxg4 19.Rfe1 Qc7 20.c5 Qc6 21.g3 Re8 22.Rd6 Qf3
23.Re3 Qf4 24.h3 Rg5 25.Kf1 Qf5 26.Qxf5 Rxf5 27.Nc3 e4 28.Nxe4  1-0

[Event "Biel"]
[Site "Biel"]
[Date "1986.??.??"]
[Round "?"]
[White "Greenfeld, Alon"]
[Black "Cebalo, Miso"]
[Result "1/2-1/2"]
[WhiteElo "2510"]
[BlackElo "2475"]

1.Nf3 Nf6 2.c4 c5 3.Nc3 g6 4.g3 Bg7 5.Bg2 O-O 6.O-O Nc6 7.d3 d6 8.Rb1 Ne8
9.Bd2 Nc7 10.Qc1 Rb8 11.Bh6 Bd7 12.a3 a5 13.Nd5 b5 14.Nxc7 Qxc7 15.cxb5 Rxb5
16.Bxg7 Kxg7 17.d4 Bf5 18.Ra1 Qb6 19.d5 Nd4 20.Qe3 Re8 21.Nd2 e5 22.Rac1 Qa6
23.Nc4 a4 24.f3 Rb3 25.Qf2 Nxe2+ 26.Qxe2 Bd3 27.Qf2 Bxc4 28.Rfd1 Reb8 29.Rxc4 Qxc4
30.Bf1 Qd4 31.Rxd4 exd4 32.Qc2 Rxb2 33.Qxa4 Rb1 34.Qa6 R8b6 35.Qc4 Ra1 36.a4 Kf6
37.Kg2 Rb2+ 38.Kh3 h5 39.Qa6 Kg7 40.g4 Rf2 41.Bg2 Rg1 42.Qxd6 hxg4+ 43.fxg4 d3
44.Qe5+ Kh7 45.Qe3 Rgxg2 46.Qxd3 Rxh2+ 47.Kg3 Rhg2+ 48.Kh3 Rd2 49.Qe3 c4
50.d6 Rge2 51.Qf3 Rf2 52.Qe3 c3 53.Qxc3 Rxd6 54.Kg3 Rfd2 55.Kf4 R2d3 56.Qa1 Re6
57.a5 Rd7 58.Qh1+ Kg7 59.Qa1+ Kg8 60.Kg5 Kh7 61.Qh1+ Kg7 62.Qh6+ Kg8 63.Qh1 Ra7
64.Kh6 g5+ 65.Kxg5 Rxa5+ 66.Kf4 Rf6+ 67.Kg3 Ra3+ 68.Kg2 Re6 69.Qc1 Rd3 70.Kf2 Rd5
71.Kg3 Rg6 72.Qc8+ Kh7 73.Qb7 Rf5 74.Qh1+ Kg7 75.Qa1+ Rff6 76.Qe5 Kh7 77.Qd5 Kg7
78.Qd4 Kg8 79.Qd8+ Kh7 80.Qd5 Re6 81.Qh1+  1/2-1/2

[Event "Bor"]
[Site "Bor"]
[Date "1986.??.??"]
[Round "2"]
[White "Rivas Pastor, Manuel"]
[Black "Ilincic, Zlatko"]
[Result "1/2-1/2"]
[WhiteElo "2470"]
[BlackElo "2490"]

1.Nf3 c5 2.c4 Nf6 3.Nc3 g6 4.g3 b6 5.Bg2 Bb7 6.b3 Bg7 7.Bb2 O-O 8.O-O a6
9.e3 Ra7 10.d4 cxd4 11.exd4 d5 12.Qe2 Nc6 13.Rfd1 e6 14.Ne5 Ne7 15.c5 bxc5
16.dxc5 Nd7 17.Nxd7 Qxd7 18.Ne4 Qb5 19.Nf6+ Bxf6 20.Qxb5 axb5 21.Bxf6 Nc6
22.Bf1 b4 23.Bb5 Rfa8 24.Bxc6 Bxc6 25.Rd2 Ra5 26.Rc2 Kf8 27.f4 Ke8 28.Kf2 Kd7
29.g4 Bb5 30.Ke3 Kc6 31.g5 Ra3 32.Kd2 R8a5 33.Bd4 Ba6 34.Rb2 Bc8 35.Rc2 Ba6
36.Rb2 Bc8 37.Rc2 Ba6  1/2-1/2

[Event "Calcutta"]
[Site "Calcutta"]
[Date "1986.??.??"]
[Round "?"]
[White "Agzamov, Georgy"]
[Black "Tseshkovsky, Vitaly"]
[Result "1/2-1/2"]
[WhiteElo "2545"]
[BlackElo "2455"]

1.Nf3 Nf6 2.c4 c5 3.Nc3 d5 4.cxd5 Nxd5 5.g3 Nc6 6.Nxd5 Qxd5 7.Bg2 g6 8.O-O Bg7
9.d3 O-O 10.Be3 Qd7 11.Bxc5 Bxb2 12.Rb1 Bg7 13.Qa4 b6 14.Bxb6 Nd4 15.Qd1 axb6
16.Nxd4 Rxa2 17.Qb3 Rd2 18.Qb4 Ra2 19.Qb3 Rd2  1/2-1/2

[Event "Midwest Masters op"]
[Site "Chicago"]
[Date "1986.??.??"]
[Round "3"]
[White "Szmetan, Ricardo"]
[Black "Gruenfeld, Yehuda"]
[Result "0-1"]
[WhiteElo "2305"]
[BlackElo "2535"]

1.Nf3 Nf6 2.c4 e6 3.Nc3 c5 4.e3 d5 5.d4 Nc6 6.cxd5 exd5 7.Be2 cxd4 8.Nxd4 Bd6
9.O-O O-O 10.b3 Be5 11.Nxc6 bxc6 12.Bb2 Bf5 13.Qd2 Qe7 14.Rac1 Rfd8 15.Na4 Ne4
16.Qa5 Bc7 17.Qe1 Rd6 18.Ba3 c5 19.Bxc5 Nxc5 20.Rxc5 Rh6 21.g3 Be4 22.f3 Bd6
23.Rc1 Bf5 24.Qf2 Rd8 25.Rfd1 Ba3 26.Rc3 Bb4 27.Rcc1 Ba3 28.Rc3 Re6 29.Bd3 Rxe3
30.Qc2 Bb4 31.Rc7 Bxd3 32.Rxd3 Re1+ 33.Kf2 Qe6 34.a3 Qh3  0-1

[Event "Copenhagen op"]
[Site "Copenhagen"]
[Date "1986.??.??"]
[Round "2"]
[White "Chernin, Alexander"]
[Black "Horvath, Tamas"]
[Result "1-0"]
[WhiteElo "2570"]
[BlackElo "2395"]

1.c4 c5 2.Nf3 Nf6 3.Nc3 b6 4.g3 Bb7 5.Bg2 g6 6.O-O Bg7 7.d4 cxd4 8.Qxd4 d6
9.Rd1 Nbd7 10.Qh4 Rc8 11.Ne1 Bxg2 12.Nxg2 a6 13.Ne3 Rc5 14.Ncd5 b5 15.cxb5 axb5
16.a4 bxa4 17.Nxf6+ Bxf6 18.Qxa4 O-O 19.b4 Nb6 20.Qa6 Rc8 21.Ra5 Bg7 22.Ba3 Re8
23.Qb5 e6 24.Ra6 Rb8 25.Qc6 d5 26.b5 Na8 27.Bd6 Rc8 28.Qb7 d4 29.Ra7 Qf6
30.Be5 Qxe5 31.Qxf7+ Kh8 32.Ng4 Qc7 33.Rxc7 Nxc7 34.Rc1 Nxb5 35.Rxc8 Rxc8
36.Qxe6  1-0

[Event "Copenhagen op"]
[Site "Copenhagen"]
[Date "1986.??.??"]
[Round "6"]
[White "Murrey, Jacob"]
[Black "Cserna, Laszlo"]
[Result "0-1"]
[WhiteElo "2460"]
[BlackElo "2390"]

1.c4 Nf6 2.Nc3 c5 3.Nf3 d5 4.cxd5 Nxd5 5.e4 Nb4 6.Bc4 Nd3+ 7.Ke2 Nf4+ 8.Kf1 Ne6
9.h4 Nc6 10.Ng5 Nxg5 11.hxg5 Ne5 12.Bb5+ Bd7 13.d3 g6 14.f4 Bxb5 15.Nxb5 Nc6
16.Be3 Bg7 17.Rc1 b6 18.Rc2 Qd7 19.Nc3 h6 20.gxh6 Rxh6 21.Rxh6 Bxh6 22.Qe2 Bg7
23.Rd2 Bd4 24.Nb5 Bxe3 25.Qxe3 O-O-O 26.a3 Na5 27.Qh3 Qxh3 28.gxh3 Nc4 29.Rf2 Rxd3
30.Nxa7+ Kb7 31.Nb5 Rxh3 32.f5 gxf5 33.exf5 Rb3 34.f6 exf6 35.a4 Nxb2 36.Nd6+ Ka6
37.a5 bxa5 38.Ne4 Kb5 39.Rxf6 Nc4 40.Kf2 a4 41.Rxf7 a3 42.Rb7+ Nb6 43.Ra7 Rb2+
44.Ke3 Nd5+ 45.Kd3 Nb4+ 46.Ke3 a2 47.Kf4 Rb3 48.Ra8 Rd3  0-1

[Event "Dresden Post"]
[Site "Dresden"]
[Date "1986.??.??"]
[Round "?"]
[White "Gauglitz, Gernot"]
[Black "Goldberg, Alexander"]
[Result "0-1"]
[WhiteElo "2445"]
[BlackElo "2330"]

1.Nf3 Nf6 2.c4 c5 3.Nc3 b6 4.g3 Bb7 5.Bg2 e6 6.O-O d6 7.Re1 Be7 8.e4 O-O
9.d4 cxd4 10.Nxd4 Qc8 11.Be3 Rd8 12.Rc1 Nbd7 13.f4 Bf8 14.Bf2 Nc5 15.b4 Na6
16.a3 Nb8 17.Qe2 Nc6 18.Nxc6 Qxc6 19.g4 a6 20.g5 Nd7 21.h4 Rac8 22.Bf1 Qc7
23.Qe3 Qc6 24.h5 Re8 25.Qh3 a5 26.Nb5 Ra8 27.g6 Nf6 28.gxf7+ Kxf7 29.e5 dxe5
30.fxe5 Ng4 31.Bd4 Nh6 32.Bd3 Nf5 33.Be4 Qc8 34.Bxf5 exf5 35.Bxb6 axb4 36.e6+ Kg8
37.Nc7 Rxa3 38.Qxf5 Rg3+ 39.Kh2 Rf3 40.Qe5 Qd8 41.e7 Rxe7 42.Nd5 Rxe5 43.Bxd8 Rxh5+
44.Kg2 Rc3 45.Rxc3 bxc3 46.Ba5 c2 47.Rc1 Bxd5+ 48.cxd5 Rxd5 49.Bc3 Rc5 50.Rxc2 Rc6  0-1

[Event "Dresden Post"]
[Site "Dresden"]
[Date "1986.??.??"]
[Round "?"]
[White "Kaminski, Uwe"]
[Black "Goldberg, Alexander"]
[Result "1/2-1/2"]
[WhiteElo "2330"]
[BlackElo "2330"]

1.Nf3 Nf6 2.c4 c5 3.Nc3 b6 4.e3 Bb7 5.d4 cxd4 6.exd4 e6 7.Bd3 Be7 8.O-O d5
9.Qe2 Nbd7 10.Bg5 O-O 11.Ne5 Rc8 12.Rfd1 dxc4 13.Bxc4 Nd5 14.Bxd5 Bxd5 15.Nxd7 Bc4
16.Qe4 Qxd7 17.Bxe7 Qxe7 18.d5 Qd6 19.Rd4 Bxd5 20.Nxd5 exd5 21.Rxd5 Qf6 22.Re5  1/2-1/2

[Event "Dresden Post"]
[Site "Dresden"]
[Date "1986.??.??"]
[Round "?"]
[White "Kochyev, Alexander"]
[Black "Goldberg, Alexander"]
[Result "1-0"]
[WhiteElo "2450"]
[BlackElo "2330"]

1.Nf3 Nf6 2.c4 c5 3.Nc3 b6 4.e3 Bb7 5.d4 e6 6.d5 exd5 7.cxd5 d6 8.e4 a6 9.a4 g6
10.Bd3 Bg7 11.O-O O-O 12.Bf4 Re8 13.Nd2 Nh5 14.Be3 Nd7 15.Be2 Nhf6 16.Ra3 Qe7
17.Rb3 Reb8 18.Bf4 Bc8 19.Nc4 Ne8 20.Bg3 b5 21.Na5 b4 22.Nc6 Qf8 23.Nxb8 Nxb8
24.Nb1 Bd7 25.Rd3 Bxb2 26.Nd2 Qe7 27.Nc4 Bc3 28.e5 dxe5 29.Rxc3 bxc3 30.Bxe5 Bf5
31.Bxc3 Nd6 32.Re1 Nd7 33.Bf3 Be4 34.Nxd6 Bxf3  1-0

[Event "Elenite op"]
[Site "Elenite"]
[Date "1986.??.??"]
[Round "?"]
[White "Andonov, Bogomil"]
[Black "Toshkov, Tihomir"]
[Result "1-0"]
[WhiteElo "2300"]
[BlackElo "2430"]

1.Nf3 Nf6 2.c4 c5 3.Nc3 b6 4.g3 Bb7 5.Bg2 g6 6.O-O Bg7 7.d4 Ne4 8.Nxe4 Bxe4
9.d5 O-O 10.Bh3 Bxf3 11.exf3 e5 12.Qc2 f5 13.Bd2 d6 14.Rab1 Nd7 15.a3 Rc8
16.Rfe1 Rc7 17.Bf1 h5 18.Bd3 Qf6 19.Bc3 g5 20.g4 fxg4 21.fxg4 Qf3 22.Bf5 Nf6
23.Be6+ Kh8 24.Re3 Qf4 25.Rh3 Nxg4 26.Rxh5+ Nh6 27.Qe2 Qf6 28.Bd2 Qg6 29.Re1 Bf6
30.h4 gxh4+ 31.Kh1 Rh7 32.Rg1 Qc2 33.Qe3 Bg7 34.Rxg7 Kxg7 35.Qg5+ Qg6 36.Qe7+ Nf7
37.Rg5 Rh6 38.Rg4 Qxg4 39.Bxh6+ Kxh6 40.Bxg4  1-0

[Event "FRA-ch"]
[Site "Epinal"]
[Date "1986.??.??"]
[Round "12"]
[White "Cerisier, Philippe"]
[Black "Adrian, Claude"]
[Result "1-0"]
[WhiteElo "2275"]
[BlackElo "2320"]

1.c4 Nf6 2.Nc3 c5 3.Nf3 e6 4.g3 b6 5.Bg2 Bb7 6.O-O Be7 7.d4 cxd4 8.Qxd4 d6
9.Bg5 a6 10.Bxf6 Bxf6 11.Qd3 Qc7 12.Rfd1 Be7 13.Ne4 O-O 14.Nfg5 g6 15.Qd4 Nc6
16.Nf6+ Bxf6 17.Qxf6 Rad8 18.h4 Ne5 19.Bxb7 Qxb7 20.h5 h6 21.Nh3 Qe4 22.hxg6 Nxg6
23.Qd4 Qxe2 24.Qxb6 Rb8 25.Qxd6 Rxb2 26.c5 Ne5 27.Rac1 Nf3+ 28.Kh1 Qxf2 29.Nxf2 Rxf2
30.g4  1-0

[Event "Troll Masters"]
[Site "Gausdal"]
[Date "1986.??.??"]
[Round "?"]
[White "Donaldson, John W"]
[Black "Stein, Bernd"]
[Result "1/2-1/2"]
[WhiteElo "2420"]
[BlackElo "2405"]

1.Nf3 c5 2.c4 Nf6 3.Nc3 d5 4.cxd5 Nxd5 5.e4 Nb4 6.Bb5+ N8c6 7.d4 cxd4 8.a3 dxc3
9.Qxd8+ Kxd8 10.axb4 cxb2 11.Bxb2 e6 12.O-O f6 13.e5 f5 14.Ng5 Ke7 15.Bxc6 bxc6
16.Bd4 Ke8 17.Bc5 h6 18.Bxf8 Rxf8 19.Nf3 Rf7 20.Rfc1 Rb7 21.Rc4  1/2-1/2

[Event "Troll Masters"]
[Site "Gausdal"]
[Date "1986.??.??"]
[Round "?"]
[White "Donaldson, John W"]
[Black "Elseth, Roar"]
[Result "1/2-1/2"]
[WhiteElo "2420"]
[BlackElo "2295"]

1.Nf3 e6 2.c4 Nf6 3.Nc3 c5 4.g3 Nc6 5.Bg2 d5 6.cxd5 Nxd5 7.O-O Be7 8.d4 O-O
9.Nxd5 exd5 10.dxc5 Bxc5 11.Bg5 f6 12.Bd2 Bf5 13.Rc1 Bb6 14.e3 Be4 15.Bc3 Re8
16.Qb3 Kh8 17.Rfd1 Qe7 18.Bd4 Bxf3 19.Bxf3 Nxd4 20.exd4 Rad8 21.Bxd5 Rd7
22.Qf3 Red8 23.Re1 Qb4 24.Qf5 Qf8 25.Be4 g6 26.Qf3 Bxd4 27.Re2 b6 28.Rce1 Re7
29.h4 f5 30.Bc6 Rxe2 31.Rxe2 Qf6 32.b3 Rf8 33.Bd5 Qd8 34.h5  1/2-1/2

[Event "Troll Masters"]
[Site "Gausdal"]
[Date "1986.??.??"]
[Round "?"]
[White "Johannessen, Svein"]
[Black "Helmers, Knut J"]
[Result "1/2-1/2"]
[WhiteElo "2370"]
[BlackElo "2455"]

1.Nf3 Nf6 2.c4 c5 3.Nc3 e6 4.g3 b6 5.Bg2 Bb7 6.O-O d6 7.b3 Be7 8.Bb2 O-O
9.Qc2 a6 10.Rad1 Nbd7 11.Qb1 Rb8 12.d4 cxd4 13.Nxd4 Bxg2 14.Kxg2 Qc7 15.e4 Qb7
16.f3 Rfe8 17.Rfe1 Bf8 18.g4 Ne5 19.a4 Rbc8 20.Nde2 Ng6 21.Kg3 Qc7 22.f4 h6
23.Qd3 Be7 24.Rf1 Qb7 25.Qf3 Rcd8 26.Ba3 d5 27.Bxe7 dxe4 28.Qe3 Qxe7 29.h3 Qb4
30.g5 Ne7 31.Kh2 Nf5 32.Qg1 hxg5 33.fxg5 Nh7 34.Nxe4 Qxb3 35.g6 fxg6 36.Qxg6 Qxc4
37.N2g3 Qc2+ 38.Kg1 Nxg3 39.Nf6+ Nxf6 40.Qxc2 Nxf1 41.Rxd8  1/2-1/2

[Event "Wch U20"]
[Site "Gausdal"]
[Date "1986.??.??"]
[Round "2"]
[White "Puri, Vinny"]
[Black "Wahls, Matthias"]
[Result "0-1"]
[WhiteElo "2330"]
[BlackElo "2460"]

1.c4 Nf6 2.Nc3 c5 3.Nf3 b6 4.g3 e6 5.Bg2 Bb7 6.O-O d6 7.d4 cxd4 8.Qxd4 a6
9.Rd1 Be7 10.Bg5 Nbd7 11.Bxf6 Nxf6 12.Nd2 Bxg2 13.Kxg2 O-O 14.e4 Qb8 15.a4 Rc8
16.Nf1 Ra7 17.Ne3 Nd7 18.f3 Rac7 19.b3 Qb7 20.Rab1 Qc6 21.Ng4 Qc5 22.Qd2 Qa5
23.Qe3 Qc5 24.Qd2 Nb8 25.Rbc1 Bg5 26.f4 Be7 27.e5 Qc6+ 28.Kh3 h5 29.Nf2 dxe5
30.fxe5 Nd7 31.Qe2 g5 32.Nd5 exd5 33.cxd5 Qg6 34.Rxc7 Rxc7 35.d6 Rc2 36.dxe7 Qe6+  0-1

[Event "FRG-qual Sued"]
[Site "Germany"]
[Date "1986.??.??"]
[Round "?"]
[White "Schuh, Hubert"]
[Black "Wachinger, Guenther"]
[Result "1/2-1/2"]
[WhiteElo "2290"]
[BlackElo "2295"]

1.Nf3 Nf6 2.c4 c5 3.Nc3 e6 4.g3 b6 5.Bg2 Bb7 6.O-O Be7 7.d4 cxd4 8.Qxd4 d6
9.Rd1 a6 10.Ng5 Bxg2 11.Kxg2 O-O 12.Nce4 Ra7 13.Be3 Nxe4 14.Nxe4 Nc6 15.Qd2 Qb8  1/2-1/2

[Event "Hamburg HSV"]
[Site "Hamburg"]
[Date "1986.??.??"]
[Round "?"]
[White "Scholz, Guillermo"]
[Black "Wahls, Matthias"]
[Result "1/2-1/2"]
[WhiteElo "2355"]
[BlackElo "2460"]

1.c4 Nf6 2.Nc3 c5 3.Nf3 b6 4.e3 g6 5.b3 Bg7 6.Bb2 O-O 7.Be2 Bb7 8.O-O e6
9.d4 cxd4 10.Nxd4 a6 11.Bf3 Qc7 12.Ba3 Re8 13.Rc1 Ra7 14.Bxb7 Qxb7 15.Qf3 Rc8
16.Rfd1 Nc6 17.Nxc6 Rxc6 18.Ne2 Qb8 19.Bb4 Rc8 20.Bc3 Ne8 21.Bxg7 Kxg7 22.Qe4 Rac7
23.a4 Kg8 24.Qd3 Qb7 25.Nc3 d6 26.e4 Qc6 27.Qe3 Qc5 28.Rd3 Qb4 29.Rcd1 Qc5
30.Qh6 Qe5 31.Qe3 Qc5 32.Qh6 Qe5 33.Qe3 Rc6 34.Na2 Qc5 35.Qe1 R6c7 36.Nc3 Rc6
37.Na2 R6c7 38.Nc3 Kg7 39.Qd2 Kg8 40.Qh6 Qe5  1/2-1/2

[Event "Hamburg-ch"]
[Site "Hamburg"]
[Date "1986.??.??"]
[Round "?"]
[White "Gruenberg, Rainer"]
[Black "Dankert, Peter"]
[Result "1-0"]
[WhiteElo "2245"]
[BlackElo "2275"]

1.c4 Nf6 2.Nc3 c5 3.Nf3 e6 4.d4 cxd4 5.Nxd4 d6 6.e4 a6 7.Be2 Be7 8.O-O O-O
9.Be3 Qc7 10.Qc2 b6 11.Rfd1 Bb7 12.f3 Nbd7 13.a4 Rac8 14.a5 bxa5 15.Nb3 d5
16.cxd5 exd5 17.Nxa5 Ba8 18.Bxa6 Rcd8 19.Bd3 dxe4 20.Nxe4 Qb8 21.Nxf6+ Nxf6
22.Nc4 g6 23.Nb6 Bb7 24.Bc4 Bd6 25.Kh1 Bxh2 26.Rxd8 Rxd8 27.Qb3 Qe5 28.Bxf7+ Kg7
29.Be6 Qh5 30.Nc4 Bb8+ 31.Kg1 Qh2+ 32.Kf1 Bd5 33.Bxd5 Rxd5 34.Bg1 Qc7 35.Ra8 Rd8
36.Ra1 Rc8 37.Nb6 Qb7 38.Bd4 Rc6 39.Qe3 Ba7 40.Rxa7 Qxa7 41.Nd5 Qa6+ 42.Kg1 Kg8
43.Nxf6+ Rxf6 44.Qe5  1-0